Progress in rural policy and planning

Αποθηκεύτηκε σε:
Λεπτομέρειες βιβλιογραφικής εγγραφής
Άλλοι συγγραφείς: Gilg, Andrew W. (Επιμελητής έκδοσης)
Μορφή: Βιβλίο
Γλώσσα:English
Δημοσίευση: London : Belhaven Press, c1992
Θέματα:
Ετικέτες: Προσθήκη ετικέτας
Δεν υπάρχουν, Καταχωρήστε ετικέτα πρώτοι!

MARC

LEADER 00000nam a2200000 i 4500
001 1/17373
008 981006s1992 eng d
020 |a 0-471-94609-5 
035 |l 10020532 
040 |a GR-MY-UA  |b gre  |e aacr 
041 0 |a eng 
082 0 |a 307.1205 
245 1 0 |a Progress in rural policy and planning /  |c edited by Andrew W. Gilg ...[et al.] 
260 |a London :   |b Belhaven Press,   |c c1992 
300 |a 281 p. 
650 0 0 |a Sociology, Rural  |x Periodicals. 
650 0 0 |a Regional planning  |x Periodicals. 
650 0 0 |a Rural development  |x Periodicals. 
700 1 |a Gilg, Andrew W.  |4 edt 
852 |a INST  |b LESVOS  |e 19981006  |h 307.1205 PRO  |p 005100018117  |q 005100018117  |t BK  |y 0 
901 |a BIBL-1999-1 
909 |a Λ  |b 059271 
922 |a 1ΕΛΗ  |b 199809  |c ΚΠΣ/ΤΠ  |d ΠΑΠΑΣΩΤΗΡΙΟΥ 
950 |a 107-1998-05-19